08331 2204117 4500001002100000005001500021008004100036020002200077035002000099082000800119084001400127100001500141245002900156250000600185260003400191300003700225650001500262990001200277990001200289990001200301990001200313990001200325990001200337990001200349990001200361990001200373990001200385990001200397990001200409990001200421990001200433990001200445990001200457990001200469990001200481990001200493990001200505990001200517990001200529990001200541990001200553990001200565990001200577990001200589990001200601990001200613990001200625990001200637990001200649990001200661990001200673990001200685990001200697990001200709990001200721990001200733990001200745990001200757990001200769990001200781990001200793990001200805990001200817990001200829990001200841990001200853990001200865990001200877990001200889990001200901990001200913990001200925990001200937990001200949990001200961990001200973990001200985990001200997990001201009990001201021990001201033990001201045990001201057990001201069990001201081990001201093990001201105990001201117990001201129990001201141990001201153990001201165990001201177990001201189990001201201990001201213990001201225990001201237990001201249990001201261990001201273990001201285990001201297990001201309990001201321990001201333990001201345990001201357990001201369990001201381990001201393990001201405990001201417990001201429990001201441990001201453990001201465990001201477990001201489990001201501990001201513990001201525990001201537990001201549990001201561990001201573990001201585990001201597990001201609990001201621990001201633990001201645990001201657990001201669990001201681990001201693990001201705990001201717990001201729990001201741990001201753990001201765990001201777990001201789990001201801990001201813990001201825990001201837990001201849990001201861990001201873990001201885990001201897990001201909990001201921990001201933990001201945990001201957990001201969990001201981990001201993990001202005990001202017990001202029990001202041990001202053990001202065990001202077990001202089990001202101990001202113990001202125990001202137990001202149990001202161990001202173990001202185990001202197990001202209990001202221990001202233990001202245990001202257990001202269990001202281990001202293990001202305990001202317990001202329990001202341990001202353990001202365990001202377990001202389990001202401990001202413990001202425990001202437990001202449990001202461990001202473990001202485990001202497990001202509990001202521990001202533990001202545990001202557990001202569990001202581990001202593990001202605990001202617990001202629990001202641990001202653990001202665990001202677990001202689990001202701990001202713990001202725990001202737990001202749990001202761990001202773990001202785990001202797990001202809990001202821990001202833990001202845990001202857990001202869990001202881990001202893990001202905990001202917990001202929990001202941990001202953990001202965990001202977990001202989990001203001990001203013990001203025990001203037990001203049990001203061990001203073990001203085990001203097990001203109990001203121990001203133990001203145990001203157990001203169990001203181990001203193990001203205990001203217990001203229990001203241990001203253990001203265990001203277990001203289990001203301990001203313990001203325990001203337990001203349990001203361990001203373990001203385990001203397990001203409990001203421990001203433990001203445990001203457990001203469990001203481990001203493990001203505990001203517990001203529990001203541990001203553990001203565990001203577990001203589990001203601990001203613990001203625990001203637990001203649990001203661990001203673990001203685990001203697990001203709990001203721990001203733990001203745990001203757990001203769990001203781990001203793990001203805990001203817990001203829990001203841990001203853990001203865990001203877990001203889990001203901990001203913990001203925990001203937990001203949990001203961990001203973990001203985990001203997990001204009990001204021990001204033990001204045990001204057990001204069990001204081990001204093990001204105990001204117990001204129990001204141990001204153990001204165990001204177990001204189990001204201INLIS00000000000139120240722120015240722 | ind  a978-602-244-525-8 a0010-0724000011 a510 a510 MOH m aTohir, Moh1 aMATEMATIKA /cMoh. Tohir a1 aJakarta :bKemendikbud,c2022 a170 hlm :bilus. ;c17.5 x 21 cm 4aBuku Paket a0751243 a0751244 a0751245 a0751246 a0751247 a0751248 a0751249 a0751250 a0751251 a0751252 a0751253 a0751254 a0751255 a0751256 a0751257 a0751258 a0751259 a0751260 a0751261 a0751262 a0751263 a0751264 a0751265 a0751266 a0751267 a0751268 a0751269 a0751270 a0751271 a0751272 a0751273 a0751274 a0751275 a0751276 a0751277 a0751278 a0751279 a0751280 a0751281 a0751282 a0751283 a0751284 a0751285 a0751286 a0751287 a0751288 a0751289 a0751290 a0751291 a0751292 a0751293 a0751294 a0751295 a0751296 a0751297 a0751298 a0751299 a0751300 a0751301 a0751302 a0751303 a0751304 a0751305 a0751306 a0751307 a0751308 a0751309 a0751310 a0751311 a0751312 a0751313 a0751314 a0751315 a0751316 a0751317 a0751318 a0751319 a0751320 a0751321 a0751322 a0751323 a0751324 a0751325 a0751326 a0751327 a0751328 a0751329 a0751330 a0751331 a0751332 a0751333 a0751334 a0751335 a0751336 a0751337 a0751338 a0751339 a0751340 a0751341 a0751342 a0751343 a0751344 a0751345 a0751346 a0751347 a0751348 a0751349 a0751350 a0751351 a0751352 a0751353 a0751354 a0751355 a0751356 a0751357 a0751358 a0751359 a0751360 a0751361 a0751362 a0751363 a0751364 a0751365 a0751366 a0751367 a0751368 a0751369 a0751370 a0751371 a0751372 a0751373 a0751374 a0751375 a0751376 a0751377 a0751378 a0751379 a0751380 a0751381 a0751382 a0751383 a0751384 a0751385 a0751386 a0751387 a0751388 a0751389 a0751390 a0751391 a0751392 a0751393 a0751394 a0751395 a0751396 a0751397 a0751398 a0751399 a0751400 a0751401 a0751402 a0751403 a0751404 a0751405 a0751406 a0751407 a0751408 a0751409 a0751410 a0751411 a0751412 a0751413 a0751414 a0751415 a0751416 a0751417 a0751418 a0751419 a0751420 a0751421 a0751422 a0751423 a0751424 a0751425 a0751426 a0751427 a0751428 a0751429 a0751430 a0751431 a0751432 a0751433 a0751434 a0751435 a0751436 a0751437 a0751438 a0751439 a0751440 a0751441 a0751442 a0751443 a0751444 a0751445 a0751446 a0751447 a0751448 a0751449 a0751450 a0751451 a0751452 a0751453 a0751454 a0751455 a0751456 a0751457 a0751458 a0751459 a0751460 a0751461 a0751462 a0751463 a0751464 a0751465 a0751466 a0751467 a0751468 a0751469 a0751470 a0751471 a0751472 a0751473 a0751474 a0751475 a0751476 a0751477 a0751478 a0751479 a0751480 a0751481 a0751482 a0751483 a0751484 a0751485 a0751486 a0751487 a0751488 a0751489 a0751490 a0751491 a0751492 a0751493 a0751494 a0751495 a0751496 a0751497 a0751498 a0751499 a0751500 a0751501 a0751502 a0751503 a0751504 a0751505 a0751506 a0751507 a0751508 a0751509 a0751510 a0751511 a0751512 a0751513 a0751514 a0751515 a0751516 a0751517 a0751518 a0751519 a0751520 a0751521 a0751522 a0751523 a0751524 a0751525 a0751526 a0751527 a0751528 a0751529 a0751530 a0751531 a0751532 a0751533 a0751534 a0751535 a0751536 a0751537 a0751538 a0751539 a0751540 a0751541 a0751542 a0751543 a0751544 a0751545 a0751546 a0751547 a0751548 a0751549 a0751550 a0751551 a0751552 a0751553 a0751554 a0751555 a0751556 a0751557 a0751558 a0751559 a0751560 a0751561 a0751562 a0751563 a0751564 a0751565 a0751566 a0751567 a0751568 a0751569 a0751570